Loading...
Fundamentals of conservation Biology /
| Main Author: | |
|---|---|
| Other Authors: | |
| Language: | English |
| LEADER | 00382cam a2200121ua 4500 | ||
|---|---|---|---|
| 008 | 090428t||||||||||| 00 ||eng c | ||
| 041 | 0 | |a eng | |
| 100 | |a Hunter, Malcolm L | ||
| 245 | 1 | 0 | |a Fundamentals of conservation Biology / |
| 700 | 0 | 2 | |a Gibbs, James P |
| 942 | |c Dept of ES | ||
| 999 | |c 20713 |d 20713 | ||
| 952 | |0 0 |1 0 |4 0 |7 0 |9 21857 |a KUCL |b KUCL |d 2014-05-23 |l 0 |p 20601 |r 2017-02-13 |w 2014-05-23 |y Dept of ES |f 00000 | ||